[Event "Munich op9293"]
[Site "Munich"]
[Date "1993.??.??"]
[Round "7"]
[White "Kishnev, Sergey"]
[Black "Smejkal, Jan"]
[Result "1-0"]
[WhiteElo "2530"]
[BlackElo "2525"]

1.d4 Nf6 2.c4 g6 3.Nc3 d5 4.cxd5 Nxd5 5.e4 Nxc3 6.bxc3 Bg7 7.Bb5+ c6 8.Ba4 O-O
9.Ne2 e5 10.O-O Qe7 11.Bc2 Rd8 12.a4 Be6 13.Ba3 Qe8 14.Rb1 b6 15.Bd3 Nd7
16.Qc2 f6 17.f4 Kh8 18.Rf2 exf4 19.Nxf4 c5 20.Bb5 Qe7 21.Bc6 Rac8 22.Bb7 Rc7
23.Bd5 Bf7 24.Qa2 Nf8 25.a5 Qe8 26.axb6 axb6 27.Rxb6 cxd4 28.cxd4 Qa4 29.Bc5 Qxa2
30.Rxa2 Nd7 31.Rd6 Rdc8 32.Ne6 Nxc5 33.Nxc5 Bf8 34.Rxf6 Bxc5 35.dxc5 Bxd5
36.exd5 Rxc5 37.d6 Kg7 38.Re6 Rf8 39.Ra7+ Kh6 40.h3 Rd5 41.d7 Rd1+ 42.Kh2 Rd2
43.Re7 Rff2 44.Rxh7+ Kg5 45.h4+ Kg4 46.Ra4+ Rf4 47.Ra3 Rfd4 48.Rg3+ Kf5 49.Rf3+ Ke6
50.Rh6 Rg4 51.Kh3 Rgxg2 52.d8=N+ Ke7 53.Rh7+ Kd6 54.Nf7+ Kd5 55.Ng5 Rh2+
56.Kg4 Rhg2+ 57.Rg3 Rd4+ 58.Kh3 Rxg3+ 59.Kxg3 Rd3+ 60.Nf3 Ke6 61.Kg4  1-0

[Event "Munich op9293"]
[Site "Munich"]
[Date "1993.??.??"]
[Round "9"]
[White "Hoffmann, Michael"]
[Black "Vogel, Robert"]
[Result "1-0"]
[WhiteElo "2425"]
[BlackElo "2315"]

1.d4 Nf6 2.c4 g6 3.Nc3 d5 4.cxd5 Nxd5 5.e4 Nxc3 6.bxc3 Bg7 7.Be3 c5 8.Qd2 cxd4
9.cxd4 Nc6 10.Rd1 O-O 11.Nf3 Bg4 12.Be2 Qa5 13.h3 Qxd2+ 14.Rxd2 Bxf3 15.Bxf3 Rfd8
16.e5 f6 17.exf6 Bxf6 18.Bxc6 bxc6 19.Ke2 e5 20.dxe5 Rxd2+ 21.Kxd2 Bxe5 22.Rc1 Rc8
23.Rc4 Rc7 24.Kd3 Kf7 25.Ra4 Ke6 26.Kc4 c5 27.Ra6+ Kf5 28.Kd5 Rd7+ 29.Kxc5 Ke4
30.Ra4+ Kd3 31.Kc6 Rd6+ 32.Kb7 Rd7+ 33.Kc8 Rc7+ 34.Kd8 Rc2 35.Rxa7  1-0

[Event "Munich op9293"]
[Site "Munich"]
[Date "1993.??.??"]
[Round "9"]
[White "Vaisser, Anatoli"]
[Black "Groszpeter, Attila"]
[Result "1-0"]
[WhiteElo "2540"]
[BlackElo "2520"]

1.d4 Nf6 2.c4 g6 3.Nc3 d5 4.cxd5 Nxd5 5.e4 Nxc3 6.bxc3 Bg7 7.Nf3 O-O 8.Be2 b6
9.h4 Bg4 10.e5 c5 11.h5 cxd4 12.hxg6 hxg6 13.cxd4 Nc6 14.Be3 Rc8 15.Ng5 Bxe2
16.Kxe2 Qd5 17.Rh8+ Bxh8 18.Qh1 Nxd4+ 19.Bxd4 Qc4+ 20.Ke3 Qxd4+ 21.Kxd4 Rfd8+
22.Ke3 Rc3+ 23.Ke2 Rc2+ 24.Kf3 Rc3+ 25.Kg4 Bg7 26.Rd1 Rdc8 27.f4 f5+ 28.exf6  1-0

[Event "USA-chJ New York+"]
[Site "New York"]
[Date "1993.??.??"]
[Round "?"]
[White "Manion, Josh"]
[Black "Klein, E."]
[Result "0-1"]
[WhiteElo "2310"]
[BlackElo "2310"]

1.d4 Nf6 2.c4 g6 3.Nc3 d5 4.cxd5 Nxd5 5.e4 Nxc3 6.bxc3 Bg7 7.Bc4 c5 8.Ne2 Nc6
9.Be3 O-O 10.Rc1 cxd4 11.cxd4 Qa5+ 12.Kf1 Bd7 13.h4 Rfc8 14.h5 e5 15.hxg6 hxg6
16.d5 Nd4 17.Nxd4 Rxc4 18.Rxc4 Qa6 19.Kg1 Qxc4 20.Nf3 Qxe4 21.Qb3 b6 22.Rh4 Qf5
23.Nd2 Qf6 24.Rc4 Bf5 25.Rc6 Qd8 26.Qc4 Bd7 27.Rc7 Bb5 28.Qc2 Qxd5 29.Nf3 Bd7
30.Ng5 Bf5 31.Qc3 Qd1+ 32.Kh2 Qh5+ 33.Kg1 Rd8 34.f3 Rd1+ 35.Kf2 Qh4+ 36.Ke2 Qh1
37.Kf2 e4 38.Rc8+ Bxc8 39.Qxc8+ Bf8 40.Kg3 exf3 41.Kxf3 Qf1+ 42.Kg3 Rd3  0-1

[Event "New York op"]
[Site "New York"]
[Date "1993.??.??"]
[Round "1"]
[White "Littke, Adam"]
[Black "Hellers, Ferdinand"]
[Result "1/2-1/2"]
[WhiteElo "2255"]
[BlackElo "2565"]

1.d4 Nf6 2.c4 g6 3.Nc3 d5 4.cxd5 Nxd5 5.e4 Nxc3 6.bxc3 Bg7 7.Nf3 c5 8.Rb1 O-O
9.Be2 b6 10.O-O Bb7 11.Qd3 cxd4 12.cxd4 Qd7 13.Bf4 e6 14.Rfd1 Nc6 15.d5 exd5
16.exd5 Ne7 17.d6 Nd5 18.Bg3 Nc3 19.Ne5 Bxe5 20.Bxe5 Nxb1 21.Qxb1 Qe6 22.Qb2 Rae8
23.Bg7 Bd5  1/2-1/2

[Event "New York Hudson"]
[Site "New York"]
[Date "1993.??.??"]
[Round "3"]
[White "Ehlvest, Jaan"]
[Black "Benjamin, Joel"]
[Result "1-0"]
[WhiteElo "2625"]
[BlackElo "2585"]

1.d4 Nf6 2.c4 g6 3.Nc3 d5 4.cxd5 Nxd5 5.e4 Nxc3 6.bxc3 Bg7 7.Bb5+ Bd7 8.Be2 c5
9.Nf3 cxd4 10.cxd4 Bc6 11.Qd3 f5 12.exf5 Qa5+ 13.Bd2 Qxf5 14.Qxf5 gxf5 15.O-O Bd5
16.Ne5 Bxe5 17.dxe5 Rg8 18.f3 Nc6 19.Bc3 O-O-O 20.a4 Be6 21.Rfb1 Nd4 22.Bd1 Rd7
23.Rb2 Rgd8 24.Ba5 b6 25.Be1 f4 26.a5 b5 27.a6 Bc4 28.Ba5 Rf8 29.Rc1 Nc6
30.Bc3 Rfd8 31.Bc2 e6 32.Kf2 Rd2+ 33.Kg1 h6 34.h4 Re2 35.Be4 Rxb2 36.Bxb2 Nd4
37.Kh2 Ne2 38.Rc2 Rd1 39.h5 Ng3 40.Bb7+ Kd7 41.Rc1 Rd3 42.Kh3 Kc7 43.Bc3 Rd7
44.Ba5+ Kb8 45.Bb4 Kc7 46.Bc5 Ne2 47.Re1 Rg7 48.Rd1 Rg5 49.Be7 Rg3+ 50.Kh2 Kb6
51.Bb4 Bd5 52.Bxd5 exd5 53.Rd2 Nc1 54.Rxd5 Kxa6 55.e6  1-0

[Event "New York op"]
[Site "New York"]
[Date "1993.??.??"]
[Round "9"]
[White "Epishin, Vladimir"]
[Black "Gurevich, Ilya"]
[Result "0-1"]
[WhiteElo "2620"]
[BlackElo "2515"]

1.d4 Nf6 2.c4 g6 3.Nc3 d5 4.cxd5 Nxd5 5.e4 Nxc3 6.bxc3 Bg7 7.Be3 c5 8.Qd2 Qa5
9.Rb1 b6 10.Bb5+ Bd7 11.Be2 O-O 12.Rc1 Rd8 13.d5 Qa4 14.Bd3 e6 15.Ne2 exd5
16.exd5 Bg4 17.Nf4 Bc8 18.O-O Nd7 19.Bc2 Qxa2 20.Nh5 Nf6 21.Nxg7 Rxd5 22.Qe2 Ba6
23.Qf3 Kxg7 24.Rfe1 Re8 25.h4 Bc8 26.c4 Rd6 27.h5 Rde6 28.h6+ Kg8 29.Re2 Qa3
30.Rce1 Qc3 31.Ba4 Bd7 32.Bxd7 Nxd7 33.Qb7 Nf8 34.Qxa7 Qxc4 35.Qa1 f6 36.Rd2 Qh4
37.g3 Qxh6 38.Rd8 Qg7 39.Red1 g5 40.Qa8 Qf7 41.Qb8 Rxd8 42.Rxd8 Kg7 43.Qc8 Re7
44.Rd6 Rd7 45.Rxb6 Rd1+ 46.Kg2 Qh5  0-1

[Event "New York op"]
[Site "New York"]
[Date "1993.??.??"]
[Round "9"]
[White "Littke, Adam"]
[Black "Henao, Raul Fernando"]
[Result "1/2-1/2"]
[WhiteElo "2255"]
[BlackElo "2405"]

1.d4 Nf6 2.c4 g6 3.Nc3 d5 4.cxd5 Nxd5 5.e4 Nxc3 6.bxc3 Bg7 7.Nf3 c5 8.Rb1 O-O
9.Be2 b6 10.O-O Bb7 11.Qd3 Ba6 12.Qd1 Qd7 13.Be3 Bxe2 14.Qxe2 cxd4 15.cxd4 Qa4
16.Rfc1 e6 17.h4 Nc6 18.Qc4 Qxc4 19.Rxc4 Rfc8 20.Rbc1 Ne7 21.Rc7 Bf8 22.Ne5 f6
23.Nd7 Kf7 24.Nxf8 Kxf8 25.Bf4 Rxc7 26.Rxc7 Rd8 27.e5 Nf5 28.exf6 Rxd4 29.Bg5 h6
30.Rc8+ Kf7 31.Rc7+ Kf8 32.Rc8+ Kf7  1/2-1/2

[Event "New York ACC"]
[Site "New York"]
[Date "1993.??.??"]
[Round "10"]
[White "Winslow, Elliott C"]
[Black "Paglietti, Nicola"]
[Result "1-0"]
[WhiteElo "2280"]
[BlackElo "2365"]

1.d4 Nf6 2.c4 g6 3.Nc3 d5 4.cxd5 Nxd5 5.e4 Nxc3 6.bxc3 Bg7 7.Bc4 c5 8.Ne2 Nc6
9.Be3 O-O 10.Rc1 cxd4 11.cxd4 Qa5+ 12.Kf1 Nd8 13.h4 b5 14.Bb3 Bb7 15.f3 e5
16.dxe5 Rc8 17.h5 Ne6 18.hxg6 hxg6 19.Qd7 Rxc1+ 20.Nxc1 Bc8 21.Qxa7 Qc3 22.Kf2 Qxe5
23.Ne2 Qb2 24.Rd1 Qf6 25.Qb6 Bh6 26.Rh1 Bxe3+ 27.Qxe3 Rd8 28.e5 Qf5 29.g4 Qg5
30.Qxg5 Nxg5 31.Rd1 Rxd1 32.Bxd1 Ne6 33.a3 Kf8 34.Ke3 Ke7 35.Nc3 Bd7 36.Be2 Nc7
37.Kd4 Ne6+ 38.Kd5 Nf4+ 39.Kc5 Ke6 40.Bxb5 Bxb5 41.Kxb5 Kxe5 42.a4 Kd4 43.a5 Ne6
44.Kb6 Nc5 45.Ne4 Nd7+ 46.Kc7  1-0

[Event "Nis op"]
[Site "Nis"]
[Date "1993.??.??"]
[Round "?"]
[White "Szuhanek, Ranko"]
[Black "Simic, Radoslav"]
[Result "0-1"]
[WhiteElo "2265"]
[BlackElo "2470"]

1.d4 Nf6 2.c4 g6 3.Nc3 d5 4.cxd5 Nxd5 5.e4 Nxc3 6.bxc3 Bg7 7.Bc4 O-O 8.Ne2 b6
9.O-O Bb7 10.f3 Nc6 11.Be3 Na5 12.Bd3 c5 13.Rc1 Rc8 14.Qd2 Qd7 15.Bh6 Qa4
16.Bxg7 Kxg7 17.d5 Nc4 18.Qf4 Rfe8 19.Ng3 f6 20.Rb1 Na3 21.Rb3 c4 22.Rb4 Qa5
23.Bb1 Qc5+ 24.Kh1 a5 25.Rb2 b5 26.Ne2 e5 27.dxe6 Rxe6 28.Rd1 Re7 29.Rd6 Qe5
30.Qd2 b4 31.f4 Qc5 32.Rd7 Rc7 33.Rxc7 Rxc7 34.Nd4 Re7 35.f5 Bc8 36.fxg6 hxg6
37.Bc2 Qe5 38.h3 Nxc2 39.Rxc2 Qxe4 40.cxb4 Bxh3 41.bxa5 Bxg2+ 42.Qxg2 Qxd4
43.Rc1 Qh4+ 44.Kg1 Re4 45.Kf1  0-1

[Event "Nis op"]
[Site "Nis"]
[Date "1993.??.??"]
[Round "?"]
[White "Golubovic, Zoran"]
[Black "Nestorovic, Dejan"]
[Result "1-0"]
[WhiteElo "2310"]
[BlackElo "2380"]

1.d4 Nf6 2.c4 g6 3.Nc3 d5 4.cxd5 Nxd5 5.e4 Nxc3 6.bxc3 Bg7 7.Bc4 O-O 8.Ne2 Nc6
9.Be3 e5 10.O-O Na5 11.Bd3 b6 12.Qd2 exd4 13.cxd4 c5 14.dxc5 Bxa1 15.Rxa1 bxc5
16.Qc3 f6 17.Rd1 Ba6 18.Bc2 Qb6 19.Bxc5 Qc7 20.Bxf8 Qxc3 21.Nxc3 Rxf8 22.Rd5 Nc4
23.Bb3 Kg7 24.Rd7+ Rf7 25.Rxf7+ Kxf7 26.Na4 Ke7 27.Nc5 Bb5 28.a4 Na5 29.axb5 Kd6
30.e5+ fxe5 31.Ne4+ Kc7 32.Bg8 h6 33.h4 Kb6 34.Bf7  1-0

[Event "NLD-chT"]
[Site "?"]
[Date "1993.??.??"]
[Round "1"]
[White "Brenninkmeijer, Joris"]
[Black "Lont, Addy"]
[Result "1-0"]
[WhiteElo "2475"]
[BlackElo "2335"]

1.d4 Nf6 2.c4 g6 3.Nc3 d5 4.cxd5 Nxd5 5.e4 Nxc3 6.bxc3 Bg7 7.Nf3 c5 8.Rb1 O-O
9.Be2 b6 10.O-O cxd4 11.cxd4 e6 12.Bg5 Qd6 13.Qd2 Bb7 14.Qe3 Rc8 15.Rfd1 Nd7
16.Bb5 Rc2 17.Bf4 Qe7 18.Rbc1 Rcc8 19.Bg5 Qd6 20.h4 a6 21.Bf1 b5 22.h5 Rxc1
23.Rxc1 Rc8 24.Bf4 Qb6 25.Rxc8+ Bxc8 26.Bh6 Bxh6 27.Qxh6 Nf8 28.Qg5 Nd7 29.Qe7  1-0

[Event "NZD-chB"]
[Site "?"]
[Date "1993.??.??"]
[Round "?"]
[White "Dive, Russell John"]
[Black "Goffin, Peter"]
[Result "1-0"]
[WhiteElo "2295"]
[BlackElo "2205"]

1.d4 Nf6 2.c4 g6 3.Nc3 d5 4.cxd5 Nxd5 5.e4 Nxc3 6.bxc3 Bg7 7.Bc4 O-O 8.Ne2 Nc6
9.Be3 b6 10.Rc1 Bb7 11.O-O Qd6 12.Qd2 e6 13.e5 Nxe5 14.Bb3 Qc6 15.f3 Nc4
16.Bxc4 Qxc4 17.Ng3 Rad8 18.Bh6 Rd5 19.Rfe1 Ra5 20.a3 Rd8 21.Bxg7 Kxg7 22.h4 h6
23.Qf4 Rdd5 24.Re3 Rxa3 25.Kh2 Qc6 26.c4 Rda5 27.Rxa3 Rxa3 28.Ne4 Ra5 29.d5 Qd7
30.Qe5+ Kf8 31.Re1 Ke7 32.Qf6+ Kf8 33.Nc5 Qd6+ 34.Kh1 Bxd5 35.cxd5  1-0

[Event "Oakham"]
[Site "Oakham"]
[Date "1993.??.??"]
[Round "3"]
[White "Wells, Peter K"]
[Black "Ledger, Andrew"]
[Result "1-0"]
[WhiteElo "2485"]
[BlackElo "2330"]

1.d4 Nf6 2.c4 g6 3.Nc3 d5 4.cxd5 Nxd5 5.e4 Nxc3 6.bxc3 Bg7 7.Nf3 c5 8.Rb1 O-O
9.Be2 b6 10.O-O Bb7 11.Qd3 cxd4 12.cxd4 e6 13.Rd1 Qd7 14.Bg5 f5 15.exf5 Rxf5
16.Qe3 Bd5 17.Ne5 Qb7 18.Bg4 Rf8 19.Rb5 Re8 20.Rxd5 exd5 21.Qh3 h5 22.Be6+ Kh7
23.Nxg6 Rxe6 24.Qxe6 Qc6 25.Re1 Qxe6 26.Rxe6 Bxd4 27.Ne7 Bg7 28.Nxd5 Na6
29.Re7 Rf8 30.Bf6  1-0

[Event "Oberwart op"]
[Site "Oberwart"]
[Date "1993.??.??"]
[Round "4"]
[White "Vigh, Bela"]
[Black "Licina, Anita"]
[Result "1-0"]
[WhiteElo "2410"]
[BlackElo "2135"]

1.d4 Nf6 2.c4 g6 3.Nc3 d5 4.cxd5 Nxd5 5.e4 Nxc3 6.bxc3 Bg7 7.Bc4 O-O 8.Ne2 Nc6
9.O-O e5 10.d5 Na5 11.Bd3 c6 12.c4 b5 13.cxb5 cxd5 14.Nc3 Bb7 15.Ba3 Re8
16.Bb4 dxe4 17.Nxe4 Bd5 18.Qa4 Nb7 19.Rad1 Qb6 20.Nc3 Be6 21.Be4 Bf8 22.Bc6 Reb8
23.Bxf8 Kxf8 24.Qb4+ Kg7 25.Qe7 a5 26.Nd5 Bxd5 27.Rxd5  1-0

[Event "Oberwart op"]
[Site "Oberwart"]
[Date "1993.??.??"]
[Round "9"]
[White "Agrest, Evgenij"]
[Black "Berebora, Ferenc"]
[Result "1-0"]
[WhiteElo "2465"]
[BlackElo "2425"]

1.d4 Nf6 2.c4 g6 3.Nc3 d5 4.cxd5 Nxd5 5.e4 Nxc3 6.bxc3 Bg7 7.Nf3 c5 8.Rb1 O-O
9.Be2 Nc6 10.d5 Ne5 11.Nxe5 Bxe5 12.Qd2 e6 13.f4 Bg7 14.c4 b6 15.Bb2 Bxb2
16.Rxb2 Ba6 17.O-O exd5 18.exd5 f5 19.Rb3 Qf6 20.Ra3 Bb7 21.Re1 Rfe8 22.Re3 Re4
23.Rxe4 fxe4 24.Bg4 Re8 25.Be6+ Rxe6 26.dxe6 Qd4+ 27.Qe3 Kg7 28.Kh1 Qxe3
29.Rxe3 Kf6 30.Ra3 a5 31.Kg1 Ba6 32.Rc3 Kxe6 33.Kf2 a4 34.Ke3 Kf5 35.h3 h5
36.g3 Bb7 37.Rc1 Ba6 38.a3  1-0

[Event "Odense"]
[Site "Odense"]
[Date "1993.??.??"]
[Round "3"]
[White "Grotnes, Nils"]
[Black "Banas, Jan"]
[Result "1/2-1/2"]
[WhiteElo "2330"]
[BlackElo "2380"]

1.d4 Nf6 2.c4 g6 3.Nc3 d5 4.cxd5 Nxd5 5.e4 Nxc3 6.bxc3 Bg7 7.Be3 c5 8.Qd2 cxd4
9.cxd4 O-O 10.Be2 b6 11.Rd1 e6 12.Nf3 Bb7 13.e5 Nc6 14.Bh6 Qe7 15.Bg5 f6
16.exf6 Bxf6 17.Bxf6 Qxf6 18.O-O Rad8 19.Qe3 Ne7 20.Ng5 Bd5 21.Ne4 Bxe4 22.Qxe4 Nf5
23.d5 exd5  1/2-1/2

[Event "Odorheiu Secuiesc"]
[Site "Odorheiu Secuiesc"]
[Date "1993.??.??"]
[Round "1"]
[White "Marin, Mihail"]
[Black "Neverov, Valeriy"]
[Result "1/2-1/2"]
[WhiteElo "2515"]
[BlackElo "2550"]

1.d4 Nf6 2.c4 g6 3.Nc3 d5 4.cxd5 Nxd5 5.e4 Nxc3 6.bxc3 Bg7 7.Bc4 c5 8.Ne2 Nc6
9.Be3 O-O 10.Rc1 cxd4 11.cxd4 Qa5+ 12.Kf1 Bd7 13.h4 h5 14.Nf4 Kh7 15.e5 Rad8
16.Bd3 Kg8 17.Qb3 Qb4 18.Bc4 Qxb3 19.axb3 Bf5 20.e6 Bxd4 21.exf7+ Kg7 22.Ke2 e5
23.Ne6+ Bxe6 24.Bxe6 Rd6 25.Bc4 a6 26.g4 hxg4 27.h5 Bxe3 28.fxe3 e4 29.hxg6 Ne5
30.Rh7+ Kxg6 31.Rch1 Kf6 32.R7h6+ Ke7 33.Rxd6 Kxd6 34.Rd1+ Ke7 35.Rd4 Nxc4
36.Rxc4 Kxf7 37.Rxe4 Rg8 38.Kf2 Kf6 39.Kg3 Rg7 40.b4 Kf5 41.Re8 Rc7 42.e4+ Kf6
43.Kxg4 Rc4 44.b5 a5 45.b6 Rb4 46.Ra8 Ke5 47.Kf3 a4 48.Ra7 Rb3+ 49.Ke2  1/2-1/2

[Event "Osijek"]
[Site "Osijek"]
[Date "1993.??.??"]
[Round "3"]
[White "Berebora, Ferenc"]
[Black "Sale, Srdjan"]
[Result "1/2-1/2"]
[WhiteElo "2425"]
[BlackElo "2405"]

1.d4 Nf6 2.c4 g6 3.Nc3 d5 4.cxd5 Nxd5 5.e4 Nxc3 6.bxc3 Bg7 7.Bc4 c5 8.Ne2 Nc6
9.Be3 cxd4 10.cxd4 Qa5+ 11.Bd2 Qa3 12.Bc3 O-O 13.Rc1 Rd8 14.O-O Bg4 15.f3 Bd7
16.Qd2 Rac8 17.Bb3 Qa6 18.Rfd1 Be8 19.Qe3 Na5 20.Bb4 Rxc1 21.Nxc1 Nc6 22.Bc3 Qb6
23.Ne2 a6 24.Kf2 Qc7 25.g3 Na5 26.d5 Bxc3 27.Qxc3 Qxc3 28.Nxc3 Rc8 29.Rc1 Kg7  1/2-1/2

[Event "Oviedo rapid"]
[Site "Oviedo"]
[Date "1993.??.??"]
[Round "11"]
[White "Cramling, Pia"]
[Black "San Claudio, Francisco Javier"]
[Result "0-1"]
[WhiteElo "2525"]
[BlackElo "2240"]

1.d4 Nf6 2.c4 g6 3.Nc3 d5 4.cxd5 Nxd5 5.e4 Nxc3 6.bxc3 Bg7 7.Bc4 O-O 8.Ne2 Qd7
9.O-O b6 10.Be3 Bb7 11.Ng3 Nc6 12.Rc1 Na5 13.Bd3 Rfd8 14.Qd2 c5 15.d5 c4
16.Bc2 e6 17.Bh6 exd5 18.Bxg7 Kxg7 19.Qg5 Kf8 20.e5 Nc6 21.Qh6+ Ke7 22.Qh4+ Ke8
23.Qxh7 Qe7 24.f4 Kd7 25.Qh3+ Kc7 26.Ne2 Rh8 27.Qg3 Bc8 28.f5 gxf5 29.e6+ Kb7
30.Bxf5 Bxe6 31.Bxe6 fxe6 32.Nf4 Rag8 33.Qe3 Qh4 34.h3  0-1

[Event "Oviedo rapid"]
[Site "Oviedo"]
[Date "1993.??.??"]
[Round "13"]
[White "Kachiani Gersinska, Ketino"]
[Black "Leko, Peter"]
[Result "1/2-1/2"]
[WhiteElo "2410"]
[BlackElo "2555"]

1.d4 Nf6 2.c4 g6 3.Nc3 d5 4.cxd5 Nxd5 5.e4 Nxc3 6.bxc3 Bg7 7.Bb5+ c6 8.Ba4 O-O
9.Ne2 e5 10.O-O Qe7 11.Bc2 Rd8 12.a4 Be6 13.Ba3 Qc7 14.Bd3 Nd7 15.f4 f6 16.Rb1 Nb6
17.Bc1 Kh8 18.a5 Nd7 19.Qe1 exd4 20.cxd4 f5 21.exf5 Bxf5 22.Bxf5 gxf5 23.Qb4 b6
24.axb6 axb6 25.Bb2 Nf6 26.Ng3 Ra5 27.Rbe1 Rb5 28.Qa3 Qf7 29.Re5 Ng4 30.Rxb5 cxb5
31.d5 Qxd5 32.Bxg7+ Kxg7 33.Qe7+ Kg6 34.Qg5+ Kf7 35.Qh5+ Kg8 36.h3 Ne3 37.Qg5+ Kf7
38.Qh5+ Kg8 39.Rf2 Rf8 40.Kh2 Qd6 41.Qg5+ Qg6 42.Qe7 Nd5 43.Qd7 Nc3 44.Rd2 Qg7
45.Qc6 b4 46.Rd7 Qf6 47.Qc4+ Kh8 48.Qxb4 Ne4 49.Nh5 Qg6 50.Qd4+ Nf6 51.Nxf6 Qxf6  1/2-1/2

[Event "WchT U26"]
[Site "Paranana"]
[Date "1993.??.??"]
[Round "?"]
[White "Norri, Joose"]
[Black "Clavijo, Jorge Mario"]
[Result "1-0"]
[WhiteElo "2405"]
[BlackElo "2325"]

1.d4 Nf6 2.c4 g6 3.Nc3 d5 4.cxd5 Nxd5 5.e4 Nxc3 6.bxc3 Bg7 7.Bc4 c5 8.Ne2 Nc6
9.Be3 O-O 10.O-O Bg4 11.f3 Na5 12.Bd3 cxd4 13.cxd4 Be6 14.d5 Bxa1 15.Qxa1 f6
16.Bh6 Re8 17.Nd4 Bd7 18.e5 fxe5 19.Ne6 Qb6+ 20.Kh1 Qd6 21.Re1 Rac8 22.Rxe5 Qb4
23.Bb5 Bxb5 24.Re3 Rc1+ 25.Qxc1 Qc4 26.Qa1 Qf1+ 27.Qxf1 Bxf1 28.Nc7 Rd8 29.Rxe7 Bc4
30.Ne8 Rxe8 31.Rxe8+ Kf7 32.Re1 b5 33.d6 Be6 34.Re5 a6 35.Rc5 Bd7 36.Rc7 Ke6
37.Ra7 Kxd6 38.Rxa6+ Nc6 39.Bf8+ Kc7 40.Bc5 Be6 41.a3 h5 42.Kg1 Bc4 43.Ra8 Kd7
44.Kf2 Ne5 45.Bb4 Ke6 46.Bc3 Nc6 47.Rf8 Bd3 48.Ke3 Bc2 49.Bb4 Bb1 50.Kf4 Kd5
51.Rc8 Bd3 52.Kg5 Bf5 53.Rc7 Bb1 54.Bf8 Bc2 55.Rd7+ Kc4 56.Rg7 Nd4 57.Rxg6 Bxg6
58.Kxg6 h4 59.f4 Ne6 60.Bh6 Kd5 61.f5 Nd8 62.Bg5  1-0

[Event "Pardubice"]
[Site "Pardubice"]
[Date "1993.??.??"]
[Round "1"]
[White "Vyzmanavin, Alexey"]
[Black "Alterman, Boris"]
[Result "1/2-1/2"]
[WhiteElo "2605"]
[BlackElo "2585"]

1.d4 Nf6 2.c4 g6 3.Nc3 d5 4.cxd5 Nxd5 5.e4 Nxc3 6.bxc3 Bg7 7.Be3 c5 8.Qd2 cxd4
9.cxd4 Nc6 10.Bb5 Bd7 11.Ne2 a6 12.Bd3 O-O 13.Rc1 Rc8 14.O-O Qa5 15.Qxa5 Nxa5
16.d5 b5  1/2-1/2

[Event "Pardubice op"]
[Site "Pardubice"]
[Date "1993.??.??"]
[Round "3"]
[White "Pribyl, Josef"]
[Black "Pribyl, Martin"]
[Result "1/2-1/2"]
[WhiteElo "2470"]
[BlackElo "2300"]

1.c4 Nf6 2.d4 g6 3.Nc3 d5 4.cxd5 Nxd5 5.e4 Nxc3 6.bxc3 Bg7 7.Bc4 c5 8.Ne2 Nc6
9.Be3 O-O 10.O-O Qc7 11.Rc1 Rd8 12.Qd2 Qa5 13.Rfd1 cxd4 14.cxd4 Qxd2 15.Rxd2 Bd7
16.f3  1/2-1/2

[Event "Pardubice op"]
[Site "Pardubice"]
[Date "1993.??.??"]
[Round "4"]
[White "Schliebener, Stephan"]
[Black "Pribyl, Josef"]
[Result "1/2-1/2"]
[WhiteElo "2300"]
[BlackElo "2470"]

1.d4 Nf6 2.c4 g6 3.Nc3 d5 4.cxd5 Nxd5 5.e4 Nxc3 6.bxc3 Bg7 7.Nf3 c5 8.Bb5+ Bd7
9.Be2 O-O 10.O-O Qa5 11.Bd2 Qa4 12.Bg5 Qxd1 13.Rfxd1 Ba4 14.Rdc1 cxd4 15.cxd4 e6
16.e5 Nd7 17.Nd2 f6 18.exf6 Nxf6 19.Bc4 Nd5 20.Nf3 Rac8 21.Rab1 b6 22.h3  1/2-1/2

[Event "Pardubice op"]
[Site "Pardubice"]
[Date "1993.??.??"]
[Round "6"]
[White "Tunik, Gennady"]
[Black "Shmuter, Leonid"]
[Result "1-0"]
[WhiteElo "2490"]
[BlackElo "2455"]

1.d4 Nf6 2.c4 g6 3.Nc3 d5 4.cxd5 Nxd5 5.e4 Nxc3 6.bxc3 Bg7 7.Bb5+ c6 8.Ba4 b5
9.Bb3 b4 10.Be3 bxc3 11.Rc1 Qa5 12.Ne2 Ba6 13.Qc2 Nd7 14.Qxc3 Qxc3+ 15.Nxc3 O-O
16.f4 Rfc8 17.e5 e6 18.Kf2 Bf8 19.Na4 Rab8 20.Rhd1 Bb5 21.g4 Ba3 22.Rc2 Bxa4
23.Bxa4 Nb6 24.Rd3 Nxa4 25.Rxa3 Rb4 26.Kf3 Rc7 27.Rb3 Rxb3 28.axb3 Nb6 29.f5 h5
30.f6 hxg4+ 31.Kxg4 Nd5 32.Bc1 Kh7 33.Kg5 Rb7 34.Ra2 Nc3 35.Ra6 Nb5 36.Be3 Rc7
37.h4 Nc3 38.h5 Ne4+ 39.Kf4 Nc3 40.hxg6+ Kxg6 41.Ra1 Nd5+ 42.Ke4 Rb7 43.Bd2 Rxb3
44.Rh1 Nxf6+ 45.exf6 Kxf6 46.Rc1 Rb2 47.Ba5 Re2+ 48.Kd3 Ra2 49.Bd8+ Kf5 50.Rc5+ Kf4
51.Bg5+ Kf3 52.Bd2 Ra6 53.Re5 Ra3+ 54.Kc4 Ra4+ 55.Kd3 Ra3+ 56.Bc3 Rb3 57.Re1 Kf2
58.Rh1 Rb5 59.Rh7 Rf5 60.Ke4 a5 61.Bd2 a4 62.Bf4 Kg1 63.Rh8 f6 64.Ra8 Kg2
65.Rxa4 Kh3 66.Ra1 Kg4 67.Rg1+ Kh5 68.Rc1 Kg4 69.Bc7 Rf2 70.Rxc6 Re2+ 71.Kd3 Re1
72.Ba5 Rd1+ 73.Bd2 Kf5 74.Rc1 Rxc1 75.Bxc1 Kg4 76.Ke4 Kg3 77.Bh6 Kg4 78.Bf8 Kg5
79.Be7 Kg6 80.Bd8 Kg5 81.Kd3 Kf5 82.Kc4 e5 83.d5 e4 84.Kc5  1-0

[Event "Pardubice op"]
[Site "Pardubice"]
[Date "1993.??.??"]
[Round "8"]
[White "Hybl, Jaroslav"]
[Black "Shmuter, Leonid"]
[Result "1/2-1/2"]
[WhiteElo "2300"]
[BlackElo "2455"]

1.d4 Nf6 2.c4 g6 3.Nc3 d5 4.cxd5 Nxd5 5.e4 Nxc3 6.bxc3 Bg7 7.Bc4 c5 8.Ne2 Nc6
9.Be3 cxd4 10.cxd4 Qa5+ 11.Bd2 Qh5 12.Be3 b5 13.Bd5 Bd7 14.Bxc6 Bxc6 15.d5 Bc3+
16.Nxc3 Qxd1+ 17.Rxd1 Bd7 18.Kd2 O-O 19.Rc1 e6 20.dxe6 fxe6  1/2-1/2

[Event "Pardubice"]
[Site "Pardubice"]
[Date "1993.??.??"]
[Round "8"]
[White "Chernin, Alexander"]
[Black "Stohl, Igor"]
[Result "1-0"]
[WhiteElo "2615"]
[BlackElo "2545"]

1.d4 Nf6 2.c4 g6 3.Nc3 d5 4.cxd5 Nxd5 5.e4 Nxc3 6.bxc3 Bg7 7.Nf3 c5 8.Rb1 O-O
9.Be2 Nc6 10.d5 Bxc3+ 11.Bd2 Bxd2+ 12.Qxd2 Na5 13.h4 Bg4 14.h5 Bxf3 15.gxf3 e5
16.hxg6 fxg6 17.d6 b6 18.Qd5+ Kg7 19.Qxe5+ Qf6 20.Qh2 h5 21.Qg3 Nc6 22.Rd1 Kh6
23.Rd5 Nb4 24.Re5 Nc2+ 25.Kd1 Nd4 26.f4 Nxe2 27.Kxe2 Rad8 28.Qg4 Rxd6 29.Rexh5+ Kg7
30.Rh7+ Kg8 31.e5 Qe6 32.Qxe6+ Rxe6 33.Ke3 c4 34.Ke4 Rc6 35.Kd5 Rc5+ 36.Ke6 g5
37.Rh8+ Kg7 38.R8h7+ Kg8 39.Rh8+ Kg7 40.R1h7+ Kg6  1-0

[Event "Paris-ch"]
[Site "Paris"]
[Date "1993.??.??"]
[Round "1"]
[White "Solozhenkin, Evgeniy"]
[Black "Delebarre, Xavier"]
[Result "1-0"]
[WhiteElo "2480"]
[BlackElo "2270"]

1.d4 Nf6 2.c4 g6 3.Nc3 d5 4.cxd5 Nxd5 5.e4 Nxc3 6.bxc3 Bg7 7.Nf3 c5 8.Rb1 O-O
9.Be2 Nc6 10.d5 Ne5 11.Nxe5 Bxe5 12.Qd2 Bg7 13.O-O Qd6 14.f4 e6 15.Bc4 e5
16.f5 f6 17.a4 Rb8 18.a5 Bd7 19.Qd3 Rfd8 20.Be3 Be8 21.Rb3 Kh8 22.g4 g5 23.h4 h6
24.Rf2 Rdc8 25.Rfb2 Rc7 26.Kg2 Ba4 27.Ra3 Be8 28.Qb1 Bf8 29.Kf3 Qd7 30.hxg5 hxg5
31.Qh1+  1-0

[Event "Paris-ch"]
[Site "Paris"]
[Date "1993.??.??"]
[Round "2"]
[White "Sherbakov, Ruslan"]
[Black "Ledger, Andrew"]
[Result "1-0"]
[WhiteElo "2570"]
[BlackElo "2330"]

1.d4 Nf6 2.c4 g6 3.Nc3 d5 4.cxd5 Nxd5 5.e4 Nxc3 6.bxc3 Bg7 7.Be3 c5 8.Qd2 O-O
9.Rc1 Nd7 10.Nf3 e5 11.dxe5 Nxe5 12.Nxe5 Qxd2+ 13.Kxd2 Bxe5 14.Bxc5 Be6 15.Bxf8 Bf4+
16.Kc2 Bxc1 17.Bc5 Bh6 18.a3 Rc8 19.Bd4 Bf8 20.Bd3 a6 21.a4 Bd7 22.a5 Ba4+
23.Kd2 Bh6+ 24.Ke2 Re8 25.f3 Bc6 26.Bc4 Bf4 27.h4 h5 28.Kf2 Bc7 29.Ra1 Rd8
30.Ke3 Rd7 31.Bf6 Kf8 32.g4 hxg4 33.fxg4 Bd8 34.g5 Bxf6 35.gxf6 Rc7 36.Rd1 Ke8
37.Bb3 Bd7 38.Kd4 Be6 39.Bd5 Kd7 40.c4 Rc8 41.Rb1  1-0

[Event "World op"]
[Site "Philadelphia"]
[Date "1993.??.??"]
[Round "?"]
[White "Umezinwa, George"]
[Black "Rao, Vivek"]
[Result "0-1"]
[WhiteElo "2325"]
[BlackElo "2420"]

1.d4 Nf6 2.c4 g6 3.Nc3 d5 4.cxd5 Nxd5 5.e4 Nxc3 6.bxc3 Bg7 7.Bc4 c5 8.Ne2 O-O
9.O-O Nc6 10.Be3 Qc7 11.Rc1 Rd8 12.f3 e6 13.Qd2 b6 14.Rfd1 Ne5 15.Bb3 Ba6
16.Nf4 Nc4 17.Bxc4 Bxc4 18.Qf2 Rac8 19.Nh3 Qc6 20.Qc2 cxd4 21.cxd4 b5 22.Rd2 Qb6
23.Re1 Bxd4 24.Rxd4 Rxd4 25.Nf2 e5 26.Ng4 Be6 27.Nh6+ Kg7 28.Qb2 b4 29.g4 Rc3
30.Qf2 Rxe3 31.Qxe3 Rd1 32.Qxb6 Rxe1+ 33.Kf2 axb6  0-1

[Event "US op"]
[Site "Philadelphia"]
[Date "1993.??.??"]
[Round "?"]
[White "Paschall, William M"]
[Black "Rowley, Robert"]
[Result "1-0"]
[WhiteElo "2215"]
[BlackElo "2375"]

1.d4 Nf6 2.c4 g6 3.Nc3 d5 4.cxd5 Nxd5 5.e4 Nxc3 6.bxc3 Bg7 7.Nf3 c5 8.Rb1 O-O
9.Be2 cxd4 10.cxd4 b6 11.O-O Bb7 12.d5 Qd6 13.Qb3 Nd7 14.Ba3 Qf6 15.Qe3 Rfc8
16.Bb2 Qd6 17.Ba3 Qf6 18.Bb2 Qd6 19.e5 Qxd5 20.Rbd1 Qc6 21.e6 fxe6 22.Bb5 Qxb5
23.Qxe6+ Kh8 24.Bxg7+ Kxg7 25.Qxe7+ Kh6 26.Rxd7 Bxf3 27.Qxh7+ Kg5 28.h4+ Kf5
29.Qf7+  1-0

[Event "World op"]
[Site "Philadelphia"]
[Date "1993.??.??"]
[Round "?"]
[White "Rohde, Michael A"]
[Black "Yee, Patrick"]
[Result "1-0"]
[WhiteElo "2575"]
[BlackElo "2260"]

1.d4 Nf6 2.c4 g6 3.Nc3 d5 4.cxd5 Nxd5 5.e4 Nxc3 6.bxc3 Bg7 7.Bb5+ Bd7 8.Rb1 c5
9.Ne2 O-O 10.O-O Bc6 11.d5 Bxb5 12.Rxb5 b6 13.c4 Na6 14.Rb3 Nc7 15.f4 Qd7
16.f5 Qa4 17.Bg5 Qxc4 18.Bxe7 Rfe8 19.f6 Bf8 20.d6 Ne6 21.Nf4 Qd4+ 22.Qxd4 Nxd4
23.Rd3 Rab8 24.e5 Rb7 25.e6 Ra8 26.d7 fxe6 27.d8=Q Rxd8 28.Bxd8 Rd7 29.Nxe6 Kf7
30.Nxd4 Rxd8 31.Nc6  1-0